<?xml version="1.0" encoding="UTF-8"?>
<record
    xmlns:xsi="http://www.w3.org/2001/XMLSchema-instance"
    xsi:schemaLocation="http://www.loc.gov/MARC21/slim http://www.loc.gov/standards/marcxml/schema/MARC21slim.xsd"
    xmlns="http://www.loc.gov/MARC21/slim">

  <leader>00492nam a22001457a 4500</leader>
  <datafield tag="999" ind1=" " ind2=" ">
    <subfield code="c">109422</subfield>
    <subfield code="d">109422</subfield>
  </datafield>
  <controlfield tag="005">20201014103933.0</controlfield>
  <controlfield tag="008">181206b           ||||| |||| 00| 0 eng d</controlfield>
  <datafield tag="040" ind1=" " ind2=" ">
    <subfield code="c">PK-LaUMT</subfield>
  </datafield>
  <datafield tag="082" ind1=" " ind2=" ">
    <subfield code="a">RHC 297.07</subfield>
    <subfield code="b">SAL-A</subfield>
  </datafield>
  <datafield tag="100" ind1=" " ind2=" ">
    <subfield code="a">Saleem , Muhammad</subfield>
  </datafield>
  <datafield tag="245" ind1=" " ind2=" ">
    <subfield code="a">Aghaz e Islam mein Musalmanon ka nizam e taleem(&#x622;&#x63A;&#x627;&#x632; &#x627;&#x633;&#x644;&#x627;&#x645; &#x645;&#x6CC;&#x6BA; &#x645;&#x633;&#x644;&#x645;&#x627;&#x646;&#x648;&#x6BA; &#x6A9;&#x627; &#x646;&#x638;&#x627;&#x645; &#x62A;&#x639;&#x644;&#x6CC;&#x645;)/</subfield>
    <subfield code="c">Muhammad Saleem</subfield>
  </datafield>
  <datafield tag="260" ind1=" " ind2=" ">
    <subfield code="a">&#x644;&#x627;&#x6C1;&#x648;&#x631;:</subfield>
    <subfield code="b">&#x627;&#x62F;&#x627;&#x631;&#x6C1; &#x62A;&#x639;&#x644;&#x6CC;&#x645;&#x6CC; &#x62A;&#x62D;&#x642;&#x6CC;&#x642;</subfield>
    <subfield code="c">1985</subfield>
  </datafield>
  <datafield tag="300" ind1=" " ind2=" ">
    <subfield code="a">62</subfield>
  </datafield>
  <datafield tag="942" ind1=" " ind2=" ">
    <subfield code="c">BK</subfield>
  </datafield>
  <datafield tag="952" ind1=" " ind2=" ">
    <subfield code="0">0</subfield>
    <subfield code="1">0</subfield>
    <subfield code="4">0</subfield>
    <subfield code="7">0</subfield>
    <subfield code="a">01</subfield>
    <subfield code="b">01</subfield>
    <subfield code="d">2018-12-06</subfield>
    <subfield code="l">0</subfield>
    <subfield code="o">RHC 297.07 SAL-A</subfield>
    <subfield code="p">126752</subfield>
    <subfield code="r">2018-12-06 00:00:00</subfield>
    <subfield code="w">2018-12-06</subfield>
    <subfield code="y">BK</subfield>
  </datafield>
</record>
